| 000 | 00433nam a2200181Ia 4500 | ||
|---|---|---|---|
| 001 | 4761 | ||
| 005 | 20260306145819.0 | ||
| 008 | 260306t2012||||xx |||||||||||||| ||spa|| | ||
| 041 | _aESP | ||
| 082 |
_a330.015195 _bS82 |
||
| 100 |
_aStock, James H. _eAUT |
||
| 245 | 0 | _aIntroducción a la econometría | |
| 260 | _c2012 | ||
| 300 |
_axxxiv, 561 páginas : _c27 cm. |
||
| 650 | _aGEN | ||
| 654 | _aCAN | ||
| 942 |
_cLIB _dJUS _fJUS _2ddc _n |
||
| 999 |
_c4761 _d4761 |
||